1830 1025 1797 1382 1542 1358 1736 1898 1557 1904 1579 1665 1495 1481 1979 1441 1902 1562 1499 1674 1155 1304 1221 1704 1793 1117 1653 1581 1294 1513 1086 1080 1421 1686 1587 1962 1391 1633 1467 1390 1945 1633 1289 1744 1275 1857 1210 1349 1579 1552 1394 1908 1779 1397 1878 1507 1294 1419 1352 1168 1419 1991 1963 1262 1375 1708 1327 1554 1157 1353 1739 1857 2000 1618 1438 1981 1812 1488 1311 1317 1564 1455 1641 1999 1962 1833 1212 1733 1966 1564 1136 1261 1515 1723 1500 1511 1064 1956 1977 BCNSPRNW ULIB Ver.6.0+V

เปลี่ยนเป็นภาษาไทย

Change to English
 แสดงรายละเอียดบรรณานุกรม
  กลับหน้าหลัก

Brief Record : Get Marc (ISO 2709) : E-mail record : QR code < ปิดหน้าต่าง
LEADER : 00000nam 2200000uu 4500
001    13399111985
003     ULIB
008    110714s2550||||th 000 0 tha d
020    9789749455067
090    นว.^bอ743ม 2553
100 0  อินทวา
245 00 มิติรักข้ามภพ/^cอินทวา
250    พิมพ์ครั้งที่ 1
260    กรุงเทพฯ :^bปริ๊นเซส,^c2550
300    358 หน้า
945    ^p220^l0^i022111
995     เกษร
999    ^aใช้งานได้ทุกระบบ
รายการนี้ยังไม่มีแท็ก
คุณยังไม่ได้ล็อกอิน คุณสามารถมีกิจกรรมร่วมกับเว็บไซต์ได้ แต่ต้องล็อกอินก่อน ::
  ล็อกอิน

รายการสื่อสารสนเทศ

ลำดับที่ ประเภท เลขเรียก/บาร์โค้ด สถานที่ สถานะ
1. วิทยาศาสตร์การแพทย์ และสุขภาพ
วิทยาศาสตร์การแพทย์ และสุขภาพ
นว. อ743ม 2553  
  Barcode: 022111
ห้องสมุดวิทยาเขตสวรรค์ประชารักษ์
►นวนิยาย
บนชั้น
  ขอยืม

BibComment


ยังไม่เคยถูกคอมเมนท์

คอมเมนท์ทรัพยากรรายการนี้
  คอมเมนท์: มิติรักข้ามภพ อิน..


 Copyright 2026. Bcnsprnw @Library